00678 2200169 4500245003600000020002300036250001100059100001400070650001600084005001900100260003800119041001400157084000800171300002300179500029700202336000900499 aSi Anak PintarcTere LiyehText a978-602-57364-50-2 aCet. 2 aTere Liye aNovel Fiksi a20231010103125 aJakartabRepublika Penerbitc2018 aIndonesia a813 a349 hlm. :c21 cm. abuku ini tentang pukat, si anak paling pintar dalam keluarga. Masa kecilnya di penuhi petualangan seru dan kejadian kocak-serta jangan lupakan pertengkaran dengan kakak dan adik-adiknya. Tapi apakah dia mampu menjawab teka-teki hebat itu, apakah harta karun paling berharga di kampung mereka? atext